00639cam a22002051 450000100060000000300080000600500170001400800390003103500190007004000320008904100110012108200210013210000300015324501160018326000290029930000250032835000090035350400200036265100510038226150BD-RjUL20211209050958.0140320t1958 enk b 001 0 eng a(BD-RjUL)26220 aDLCcDLCdDLCdBD-RJULbeng1 aengund04a944.08bARV 19581 aAron, Robert,d1898-1975.14aThe Vichy regime, 1940-44 /cby Robert Aron in collaboration with Georgette Elgey. Translated by Humphrey Hare. aLondon :bPutnam,c1958. avi, 536 p. ;c23 cm. a8.95 aincludes index. 0aFrancexHistoryyGerman occupation, 1940-1945.